[Event "DEM U10 2011"]
[Site "Oberhof GER"]
[Date "2011.06.16"]
[Round "8"]
[White "Sanati, Charlotte"]
[Black "Niemann, Alexander"]
[Result "0-1"]
[Termination "normal"]
[Board "23"]
[WhiteElo "1284"]
[BlackElo "1311"]
[PlyCount "150"]
[WhiteFideId "12907707"]
[BlackFideId "12939862"]
[EventCountry "GER"]
[EventRounds "11"]
[EventType "swiss"]
[EventDate "2011.06.11"]

1. e4 c5 2. Ne2 d6 3. g3 g6 4. Bg2 Bg7 5. c3 Nf6 6. d4 cxd4 7. cxd4 O-O 8. O-O
Nc6 9. Nbc3 Bd7 10. h3 Rc8 11. Be3 Na5 12. b3 Nc6 13. Rc1 Qa5 14. Qd2 Rfd8 15.
Nf4 Nb4 16. Ncd5 Rxc1 17. Rxc1 Nc6 18. Qxa5 Nxa5 19. Nxe7+ Kf8 20. Ned5 Nc6 21.
Nc3 Ne8 22. d5 Ne5 23. Bxa7 Rc8 24. Be3 f5 25. Ne6+ Bxe6 26. dxe6 Nd3 27. Rc2
Rxc3 28. Rxc3 Bxc3 29. exf5 gxf5 30. Bxb7 Bb4 31. Bg5 Nc5 32. Bd5 Nc7 33. e7+
Ke8 34. Bc6+ Kf7 35. Bd5+ Nxd5 36. Kg2 Nxe7 37. Bf4 Nd3 38. Be3 d5 39. a4 Nc6
40. Kf3 Ke6 41. Ke2 Nb2 42. Bc1 Bc3 43. f4 d4 44. h4 Nb4 45. a5 d3+ 46. Ke3
Nc2+ 47. Kf2 d2 48. Bxd2 Bxd2 49. a6 Be3+ 50. Ke2 Ba7 51. Kd2 Nd4 52. Kc3 Nxb3
53. Kxb3 Nd1 54. Kb4 Ne3 55. Kb5 Nf1 56. Kc6 Nxg3 57. Kb7 Bf2 58. a7 Bxa7 59.
Kxa7 Ne2 60. Kb6 Nxf4 61. Kc5 Nh3 62. Kd4 f4 63. Kd3 f3 64. Ke3 f2 65. Ke2 Ke5
66. h5 Kf4 67. h6 Ke4 68. Kf1 Ke3 69. Kg2 Ke2 70. Kxh3 f1=Q+ 71. Kg4 Ke3 72.
Kg5 Ke4 73. Kg4 Qg1+ 74. Kh5 Kf4 75. Kh4 Qh1# 0-1

[Event "DEM U10 2011"]
[Site "Oberhof GER"]
[Date "2011.06.16"]
[Round "8"]
[White "Stein, Robert"]
[Black "Rosenhain, Rachela"]
[Result "1-0"]
[Termination "normal"]
[Board "24"]
[WhiteElo "1292"]
[BlackElo "1190"]
[PlyCount "97"]
[WhiteFideId "12921084"]
[BlackFideId "12957615"]
[EventCountry "GER"]
[EventRounds "11"]
[EventType "swiss"]
[EventDate "2011.06.11"]

1. e4 c5 2. Nf3 d6 3. d4 cxd4 4. Nxd4 Nf6 5. Nc3 g6 6. Be3 Bg7 7. Qd2 Nc6 8. f3
Bd7 9. Bc4 O-O 10. O-O-O Rc8 11. Bb3 Ne5 12. h4 Nc4 13. Bxc4 Rxc4 14. g4 a6 15.
h5 b5 16. hxg6 fxg6 17. Nb3 Qc7 18. Rdf1 Be6 19. a3 a5 20. Nxb5 Qc6 21. N5d4
Qc8 22. Nxe6 Qxe6 23. g5 Nh5 24. Qd5 Qxd5 25. exd5 Ng3 26. Nxa5 Ra4 27. Nc6
Nxf1 28. Rxf1 Re8 29. Re1 e5 30. Bd2 Rh4 31. Bb4 Bf8 32. a4 Ra8 33. a5 h6 34.
gxh6 Bxh6+ 35. Kd1 Rh2 36. Rg1 Kf7 37. Bc3 Rf2 38. Rg3 Bf4 39. Rh3 Rh2 40. Rxh2
Bxh2 41. b4 Ke8 42. b5 Kd7 43. a6 Kc7 44. Ba5+ Kc8 45. Bb6 g5 46. Ba7 Rxa7 47.
Nxa7+ Kb8 48. b6 Bf4 49. Nc6+ 1-0

[Event "DEM U10 2011"]
[Site "Oberhof GER"]
[Date "2011.06.16"]
[Round "8"]
[White "Schröter, Ron"]
[Black "Schmidt, Sarah"]
[Result "1-0"]
[Termination "normal"]
[Board "25"]
[WhiteElo "1291"]
[BlackElo "1032"]
[PlyCount "85"]
[WhiteFideId "12941727"]
[BlackFideId "12965480"]
[EventCountry "GER"]
[EventRounds "11"]
[EventType "swiss"]
[EventDate "2011.06.11"]

1. e4 d5 2. exd5 Nf6 3. d4 Nxd5 4. c4 Nb6 5. Nc3 Bf5 6. Nf3 e6 7. Be2 c5 8. O-O
Be7 9. d5 O-O 10. dxe6 Qxd1 11. exf7+ Rxf7 12. Rxd1 Nc6 13. Nd5 Nd7 14. Nxe7+
Rxe7 15. Be3 Nb4 16. Nh4 Bc2 17. Rd2 Ne5 18. Bxc5 Rd7 19. Rxd7 Nxd7 20. Bxb4
Re8 21. Bf3 Rc8 22. Bxb7 Rxc4 23. Bd5+ Kh8 24. Bxc4 Ne5 25. Re1 Ba4 26. Rxe5 h6
27. Rb5 Bxb5 28. Bxb5 Kh7 29. Bc5 a5 30. Bb6 g5 31. Nf3 g4 32. Ne5 h5 33. Nxg4
hxg4 34. Bxa5 Kg7 35. Bb4 Kf6 36. a4 Ke5 37. a5 Ke4 38. a6 Kd4 39. a7 Ke5 40.
a8=Q Ke6 41. Qe4+ Kf6 42. Bc3+ Kf7 43. Qe8# 1-0

[Event "DEM U10 2011"]
[Site "Oberhof GER"]
[Date "2011.06.16"]
[Round "8"]
[White "Bachmann, Jonas"]
[Black "Schamber, Dennis"]
[Result "1-0"]
[Termination "normal"]
[Board "26"]
[WhiteElo "1396"]
[BlackElo "1039"]
[PlyCount "125"]
[WhiteFideId "12922919"]
[BlackFideId "12952176"]
[EventCountry "GER"]
[EventRounds "11"]
[EventType "swiss"]
[EventDate "2011.06.11"]

1. e4 c5 2. Nf3 Nc6 3. d4 cxd4 4. Nxd4 g6 5. Nc3 Bg7 6. Nb3 d6 7. Bc4 Nf6 8.
Qe2 O-O 9. Bf4 a6 10. f3 b5 11. Bd5 Nxd5 12. exd5 Nb4 13. Rd1 Bf5 14. Rd2 Bxc3
15. bxc3 Nxa2 16. Qe3 Qc7 17. g4 Bd7 18. Bh6 Rfd8 19. Rd3 Rac8 20. Qd4 f6 21.
g5 Kf7 22. Kd2 a5 23. Ra1 a4 24. Rxa2 axb3 25. cxb3 Re8 26. Ra7 Qd8 27. gxf6
exf6 28. Qg4 Re7 29. Qf4 Bf5 30. Rxe7+ Qxe7 31. Re3 Qc7 32. Qb4 Qd7 33. Bf4 Rd8
34. c4 bxc4 35. bxc4 h6 36. Re2 g5 37. Bg3 h5 38. h4 Kg6 39. Qc3 Qa4 40. Re7
Qa2+ 41. Ke3 Rf8 42. hxg5 Kxg5 43. Bxd6 Kg6 44. Rg7+ Kxg7 45. Bxf8+ Kxf8 46.
Qxf6+ Ke8 47. Qxf5 Qb3+ 48. Qd3 Qb6+ 49. Ke2 Qb2+ 50. Qd2 Qe5+ 51. Qe3 Qxe3+
52. Kxe3 Kf7 53. Kf4 Kf6 54. Kg3 Kf5 55. Kh4 Kg6 56. f4 Kh6 57. d6 Kg6 58. d7
Kh6 59. d8=Q Kh7 60. Qf6 Kg8 61. Qe7 Kh8 62. Kxh5 Kg8 63. Kh6 1-0

[Event "DEM U10 2011"]
[Site "Oberhof GER"]
[Date "2011.06.16"]
[Round "8"]
[White "Ackermann, Constantin"]
[Black "Silber, Kevin"]
[Result "1/2-1/2"]
[Termination "normal"]
[Board "27"]
[WhiteElo "1103"]
[BlackElo "1341"]
[PlyCount "66"]
[BlackFideId "12930440"]
[EventCountry "GER"]
[EventRounds "11"]
[EventType "swiss"]
[EventDate "2011.06.11"]

1. e4 c6 2. d4 d5 3. exd5 cxd5 4. c4 e6 5. Nf3 Nf6 6. Nc3 Bb4 7. a3 Be7 8. Be2
O-O 9. O-O a6 10. Bf4 Re8 11. Qd3 Nh5 12. Be3 Nc6 13. Bd1 g6 14. Bc2 Ra7 15.
Ne2 Bf6 16. b4 e5 17. dxe5 Bxe5 18. Bxa7 Bxa1 19. Rxa1 Nxa7 20. cxd5 Bf5 21.
Qd1 Bxc2 22. Qxc2 Qxd5 23. Rd1 Qc6 24. Qxc6 Nxc6 25. Re1 Kf8 26. h3 h6 27. g4
Ng7 28. Kf1 f5 29. Rd1 fxg4 30. hxg4 Rd8 31. Rxd8+ Nxd8 32. Ne5 g5 33. f4 gxf4
1/2-1/2

[Event "DEM U10 2011"]
[Site "Oberhof GER"]
[Date "2011.06.16"]
[Round "8"]
[White "Petersen, Marcel"]
[Black "Könze, Heike"]
[Result "1-0"]
[Termination "normal"]
[Board "28"]
[WhiteElo "1330"]
[BlackElo "1093"]
[PlyCount "101"]
[WhiteFideId "12935670"]
[BlackFideId "12964476"]
[EventCountry "GER"]
[EventRounds "11"]
[EventType "swiss"]
[EventDate "2011.06.11"]

1. e4 c5 2. Nf3 d6 3. d4 cxd4 4. Nxd4 Nf6 5. Nc3 g6 6. Be3 Bg7 7. f3 O-O 8. g4
Nc6 9. g5 Nh5 10. Nce2 d5 11. Ng3 Nxg3 12. hxg3 dxe4 13. Nxc6 Qxd1+ 14. Rxd1
bxc6 15. fxe4 Bxb2 16. Bc4 Bg4 17. Rd3 Bg7 18. Rh4 Bh5 19. g4 Bxg4 20. Rxg4 a5
21. Rh4 Rac8 22. Bc5 Rfe8 23. Rdh3 Rb8 24. Bb3 Rbd8 25. Rxh7 e6 26. R7h4 Rd7
27. Rd3 Red8 28. Rhh3 Rxd3 29. Rxd3 Rxd3 30. cxd3 Kh7 31. Kd2 Be5 32. Be7 Kg7
33. a4 f6 34. Bxe6 fxg5 35. Bxg5 Bf6 36. Bxf6+ Kxf6 37. Bd7 g5 38. Kc3 Ke7 39.
Bc8 Kd8 40. Bf5 Kc7 41. e5 Kd8 42. Kc4 Kc7 43. Kc5 Kb7 44. Kd6 Kb6 45. e6 Kb7
46. e7 Kb6 47. e8=Q g4 48. Qd8+ Kb7 49. Bc8+ Ka8 50. Qc7 g3 51. Qb7# 1-0

[Event "DEM U10 2011"]
[Site "Oberhof GER"]
[Date "2011.06.16"]
[Round "8"]
[White "Ott, Josef Sebastian"]
[Black "Flach, Helene"]
[Result "1-0"]
[Termination "normal"]
[Board "29"]
[WhiteElo "1327"]
[BlackElo "849"]
[PlyCount "51"]
[WhiteFideId "12952079"]
[BlackFideId "12929735"]
[EventCountry "GER"]
[EventRounds "11"]
[EventType "swiss"]
[EventDate "2011.06.11"]

1. e4 e5 2. Nf3 Nc6 3. Bc4 Bc5 4. c3 Nf6 5. d3 h6 6. O-O d6 7. Bb3 Bg4 8. h3
Bh5 9. Nbd2 O-O 10. Re1 b5 11. a3 a5 12. Nf1 Qb8 13. Ng3 Qa7 14. Be3 a4 15. Bc2
Bg6 16. Nh4 Bh7 17. Nhf5 Bxe3 18. Rxe3 Rfe8 19. Qf3 Re6 20. Bb1 Nd7 21. Ba2 Rg6
22. Nxh6+ gxh6 23. Qxf7+ Kh8 24. Qxd7 Qb7 25. Bd5 Ra6 26. Nf5 1-0

[Event "DEM U10 2011"]
[Site "Oberhof GER"]
[Date "2011.06.16"]
[Round "8"]
[White "Hausdorf, Lars"]
[Black "Demme, Miriam"]
[Result "1/2-1/2"]
[Termination "normal"]
[Board "30"]
[WhiteElo "1198"]
[BlackElo "1086"]
[PlyCount "28"]
[WhiteFideId "16200390"]
[BlackFideId "12966703"]
[EventCountry "GER"]
[EventRounds "11"]
[EventType "swiss"]
[EventDate "2011.06.11"]

1. e4 c5 2. Nf3 Nc6 3. d4 cxd4 4. Nxd4 Nf6 5. Nc3 g6 6. f4 d6 7. Bb5 Bd7 8. O-O
Bg7 9. Be3 O-O 10. Nf3 Bh6 11. Qd2 Ng4 12. Rad1 Nxe3 13. Qxe3 Qc7 14. Nd5 Qd8
1/2-1/2

[Event "DEM U10 2011"]
[Site "Oberhof GER"]
[Date "2011.06.16"]
[Round "8"]
[White "Schumacher, Simon"]
[Black "Cejda, Cecilia"]
[Result "1-0"]
[Termination "normal"]
[Board "31"]
[WhiteElo "1005"]
[BlackElo "1130"]
[PlyCount "117"]
[BlackFideId "12921122"]
[EventCountry "GER"]
[EventRounds "11"]
[EventType "swiss"]
[EventDate "2011.06.11"]

1. e4 e5 2. Nf3 Nf6 3. Nc3 Bb4 4. Nxe5 d6 5. Nf3 Bxc3 6. bxc3 Nxe4 7. Qe2 d5 8.
d3 O-O 9. dxe4 Re8 10. Qd3 dxe4 11. Qxd8 Rxd8 12. Nd4 c5 13. Nb5 Bg4 14. Be3
Na6 15. Na3 Rd7 16. Bxa6 bxa6 17. Bxc5 Rad8 18. Bd4 f5 19. O-O f4 20. g3 Rd6
21. Bxa7 h5 22. Rfe1 Re8 23. Nc4 Rg6 24. Nd2 Bh3 25. f3 fxg3 26. hxg3 Rxg3+ 27.
Kh2 h4 28. Rxe4 Rc8 29. Rxh4 Rg2+ 30. Kxh3 Rxd2 31. Rb1 Rxc3 32. Rb8+ Kf7 33.
Rf4+ Kg6 34. Rg4+ Kf5 35. Rf8+ Ke6 36. Re4+ Kd7 37. Bb6 Rcxc2 38. Rd8+ Kc6 39.
Rxd2 Rxd2 40. Bd4 Rxa2 41. Bxg7 Kd5 42. Re5+ Kc6 43. f4 a5 44. f5 a4 45. f6 Rf2
46. Kg4 a3 47. Rf5 a2 48. f7 Rg2+ 49. Kf3 Rxg7 50. f8=Q a1=Q 51. Rf6+ Kd5 52.
Qd6+ Kc4 53. Rf4+ Kb3 54. Qb4+ Kc2 55. Rc4+ Kd3 56. Qb3+ Kd2 57. Qc2+ Ke1 58.
Re4+ Kf1 59. Qf2# 1-0

[Event "DEM U10 2011"]
[Site "Oberhof GER"]
[Date "2011.06.16"]
[Round "8"]
[White "Santos, Leonardo"]
[Black "Riegel, Arinna"]
[Result "1-0"]
[Termination "normal"]
[Board "32"]
[WhiteElo "1100"]
[BlackElo "1118"]
[PlyCount "123"]
[WhiteFideId "12965049"]
[BlackFideId "12931446"]
[EventCountry "GER"]
[EventRounds "11"]
[EventType "swiss"]
[EventDate "2011.06.11"]

1. e4 d5 2. exd5 Qxd5 3. Nc3 Qd6 4. d4 Nf6 5. Nf3 c6 6. Bd3 Bg4 7. Be3 e6 8.
O-O Be7 9. Qe2 O-O 10. Rfe1 Nbd7 11. Rad1 Qc7 12. h3 Bh5 13. Ne4 h6 14. Ng3 Bd6
15. Nxh5 Nxh5 16. c3 Nhf6 17. Bc2 Rad8 18. Nd2 Bh2+ 19. Kh1 Bd6 20. Qd3 Be7 21.
Ne4 Nxe4 22. Qxe4 Nf6 23. Qd3 e5 24. Rf1 e4 25. Qd2 Rd5 26. f3 exf3 27. Rxf3 c5
28. Qd3 c4 29. Qe2 Nh5 30. Bf2 Rg5 31. Qe4 Rg6 32. Re1 Bd8 33. Ree3 Nf6 34. Qe5
Rg5 35. Qxc7 Bxc7 36. Rf5 Rxf5 37. Bxf5 Re8 38. Rxe8+ Nxe8 39. Be4 b5 40. b3
cxb3 41. axb3 a5 42. Bc6 Nd6 43. Bg3 b4 44. Bxd6 Bxd6 45. c4 Kf8 46. Kg1 Ke7
47. Kf2 f5 48. Ke3 g6 49. d5 Kf6 50. Kd4 h5 51. c5 Bc7 52. d6 Bb8 53. Kd5 h4
54. Bb5 g5 55. c6 g4 56. hxg4 fxg4 57. c7 Bxc7 58. dxc7 h3 59. gxh3 gxh3 60.
c8=Q h2 61. Qh3 h1=Q+ 62. Qxh1 1-0

[Event "DEM U10 2011"]
[Site "Oberhof GER"]
[Date "2011.06.16"]
[Round "8"]
[White "Heckmann, Till"]
[Black "Maaß, Timo"]
[Result "1/2-1/2"]
[Termination "normal"]
[Board "34"]
[WhiteElo "1157"]
[BlackElo "882"]
[PlyCount "60"]
[WhiteFideId "12987093"]
[EventCountry "GER"]
[EventRounds "11"]
[EventType "swiss"]
[EventDate "2011.06.11"]

1. e4 e5 2. Nf3 Nc6 3. Bc4 Nf6 4. Ng5 d5 5. exd5 Na5 6. Bb5+ Bd7 7. Bxd7+ Qxd7
8. Nc3 Nxd5 9. Nxd5 Qxd5 10. O-O Be7 11. d3 O-O 12. Ne4 Nc6 13. Qf3 Qe6 14. Be3
Nd4 15. Bxd4 exd4 16. Rfe1 Qc6 17. Rac1 f5 18. Nd2 Qxf3 19. Nxf3 Rfe8 20. Nxd4
Bf6 21. c3 Rxe1+ 22. Rxe1 Rd8 23. g3 Bxd4 24. cxd4 Kf7 25. Rc1 c6 26. Rc4 Re8
27. d5 cxd5 28. Rc7+ Re7 29. Rxe7+ Kxe7 30. d4 Kd6 1/2-1/2

[Event "DEM U10 2011"]
[Site "Oberhof GER"]
[Date "2011.06.16"]
[Round "8"]
[White "Kopylov, Daniel"]
[Black "Merx, Florian"]
[Result "0-1"]
[Termination "normal"]
[Board "35"]
[WhiteElo "1130"]
[BlackElo "1035"]
[PlyCount "34"]
[WhiteFideId "12921971"]
[BlackFideId "16212304"]
[EventCountry "GER"]
[EventRounds "11"]
[EventType "swiss"]
[EventDate "2011.06.11"]

1. d4 d5 2. c4 Nf6 3. cxd5 Nxd5 4. e4 Nf6 5. Nc3 e6 6. Nf3 Be7 7. Bc4 O-O 8.
O-O Nbd7 9. Bf4 Re8 10. Nb5 Nb6 11. Bd3 Rf8 12. Nxc7 Rb8 13. Nxe6 Bxe6 14. Bxb8
Qxb8 15. a3 Ng4 16. Rc1 Bg5 17. Nxg5 Qxh2# 0-1

[Event "DEM U10 2011"]
[Site "Oberhof GER"]
[Date "2011.06.16"]
[Round "8"]
[White "Nguyen, Ha Thanh"]
[Black "Weißenburg, Julia"]
[Result "1-0"]
[Termination "normal"]
[Board "36"]
[WhiteElo "1092"]
[BlackElo "995"]
[PlyCount "41"]
[WhiteFideId "12942154"]
[EventCountry "GER"]
[EventRounds "11"]
[EventType "swiss"]
[EventDate "2011.06.11"]

1. e4 c5 2. Nf3 d6 3. d4 cxd4 4. Nxd4 g6 5. Nc3 Nf6 6. Bb5+ Nc6 7. Nxc6 Qb6 8.
Ne5+ Nd7 9. Bxd7+ Bxd7 10. Nxd7 Kxd7 11. e5 e6 12. O-O Qc5 13. Re1 Ke8 14. Bg5
d5 15. Qf3 d4 16. Ne4 Kd7 17. Nxc5+ Bxc5 18. Qxb7+ Ke8 19. Qxa8+ Kd7 20. Qb7+
Ke8 21. Qc8# 1-0

[Event "DEM U10 2011"]
[Site "Oberhof GER"]
[Date "2011.06.16"]
[Round "8"]
[White "Rosenthal, Moritz"]
[Black "Ratay, Meike"]
[Result "1/2-1/2"]
[Termination "normal"]
[Board "37"]
[WhiteElo "847"]
[BlackElo "1087"]
[PlyCount "55"]
[WhiteFideId "12946338"]
[BlackFideId "12977608"]
[EventCountry "GER"]
[EventRounds "11"]
[EventType "swiss"]
[EventDate "2011.06.11"]

1. e4 e5 2. Nf3 Nc6 3. Bc4 Bc5 4. c3 Nf6 5. d4 exd4 6. cxd4 Bb4+ 7. Bd2 Bxd2+
8. Nbxd2 d6 9. d5 Ne7 10. O-O Bg4 11. h3 Bh5 12. Re1 O-O 13. Rc1 h6 14. Bd3 Bg6
15. Qb3 b6 16. Qc3 Bh7 17. Qxc7 Qxc7 18. Rxc7 Nexd5 19. Rc6 Rfd8 20. a3 Nf4 21.
Ba6 Kf8 22. Rc7 Rd7 23. Rxd7 Nxd7 24. Nd4 Nc5 25. Bc4 Ncd3 26. Rb1 Ne5 27. Ba2
d5 28. f3 1/2-1/2

[Event "DEM U10 2011"]
[Site "Oberhof GER"]
[Date "2011.06.16"]
[Round "8"]
[White "Hoffmann, Lennard"]
[Black "Yankelevich, Michael"]
[Result "1-0"]
[Termination "normal"]
[Board "38"]
[WhiteElo "1044"]
[BlackElo "1083"]
[PlyCount "91"]
[WhiteFideId "12943495"]
[BlackFideId "12921440"]
[EventCountry "GER"]
[EventRounds "11"]
[EventType "swiss"]
[EventDate "2011.06.11"]

1. e4 e5 2. Nf3 Nc6 3. d4 exd4 4. Nxd4 Nf6 5. Nxc6 dxc6 6. Qxd8+ Kxd8 7. Bg5
Be7 8. Bc4 Be6 9. Bxe6 fxe6 10. Nc3 Bb4 11. e5 Be7 12. exf6 gxf6 13. O-O-O+ Ke8
14. Bh4 Rg8 15. Rhg1 Bd6 16. g3 f5 17. Rde1 Kf7 18. h3 Bc5 19. Re2 Rg6 20. g4
Rag8 21. Rd1 Bd6 22. f3 Rh6 23. Bf2 Rxh3 24. gxf5 exf5 25. Rd3 a6 26. a3 c5 27.
Nd5 Rc8 28. Rde3 Rh6 29. Kb1 Rd8 30. Nxc7 Bf8 31. Ne6 Rd1+ 32. Ka2 Rhh1 33. Kb3
Bh6 34. Re5 Rh2 35. Rxf5+ Kg6 36. Rxc5 Rf1 37. Nd4 Rfxf2 38. Re6+ Kf7 39. Rc7+
Kg8 40. Re8+ Bf8 41. Ka4 Rhg2 42. Rcc8 Kg7 43. Rxf8 Kh6 44. Nf5+ Kh5 45. Rc5
Rg5 46. Ng3+ 1-0

[Event "DEM U10 2011"]
[Site "Oberhof GER"]
[Date "2011.06.16"]
[Round "8"]
[White "Staufenberger, Philipp"]
[Black "Rau, Jennifer"]
[Result "0-1"]
[Termination "normal"]
[Board "39"]
[WhiteElo "1033"]
[BlackElo "1092"]
[PlyCount "78"]
[WhiteFideId "12970883"]
[BlackFideId "12983276"]
[EventCountry "GER"]
[EventRounds "11"]
[EventType "swiss"]
[EventDate "2011.06.11"]

1. e4 e5 2. Nf3 Nc6 3. d4 exd4 4. c3 Nge7 5. cxd4 d6 6. Bb5 Bd7 7. Nc3 a6 8.
Bc4 g6 9. Qb3 Qc8 10. Bxf7+ Kd8 11. Bg5 Bg4 12. Bf6 Na5 13. Qa4 Nac6 14. Bxh8
b5 15. Qb3 Bxf3 16. gxf3 Na5 17. Qe6 Qxe6 18. Bxe6 Bh6 19. Bf6 Ke8 20. Nd5 Nxd5
21. Bxd5 Rb8 22. e5 Rb6 23. O-O Nc4 24. Bxc4 bxc4 25. Rfe1 Kd7 26. exd6 Kxd6
27. b3 c3 28. d5 Bd2 29. Red1 Kd7 30. Bd4 Rd6 31. Be3 Rxd5 32. Bxd2 c2 33. Rdc1
Rxd2 34. a4 c5 35. Ra2 Rd1+ 36. Rxd1+ cxd1=Q+ 37. Kg2 Qxb3 38. Rd2+ Ke7 39.
Re2+ Kf7 0-1

[Event "DEM U10 2011"]
[Site "Oberhof GER"]
[Date "2011.06.16"]
[Round "8"]
[White "Kobald, Jacqueline"]
[Black "Möller, Lisa-Marie"]
[Result "0-1"]
[Termination "normal"]
[Board "40"]
[WhiteElo "806"]
[BlackElo "1069"]
[PlyCount "134"]
[WhiteFideId "12988162"]
[BlackFideId "12959367"]
[EventCountry "GER"]
[EventRounds "11"]
[EventType "swiss"]
[EventDate "2011.06.11"]

1. e4 c5 2. Nc3 a6 3. f4 b5 4. d3 Bb7 5. a3 e6 6. Nf3 d5 7. g3 dxe4 8. Nxe4 c4
9. d4 Bxe4 10. Bg2 Qd5 11. O-O Nf6 12. c3 Nc6 13. Qe2 Bd3 14. Qd1 Bxf1 15. Bxf1
Qd6 16. Qe1 Rd8 17. Bh3 Be7 18. f5 exf5 19. Bxf5 Qd5 20. Bc2 Qxf3 21. Be3 O-O
22. Bd1 Qd5 23. Qf2 Qd7 24. Bg5 Ne4 25. Qg2 Nxg5 26. Bc2 Qh3 27. Qf2 Bf6 28.
Bf5 Qh6 29. Re1 g6 30. Bg4 Bg7 31. h4 Ne6 32. Qg2 Na7 33. Re2 Rfe8 34. Rf2 Qe3
35. Qf1 Qxg3+ 36. Rg2 Qxh4 37. Bf3 Qf6 38. Qf2 Bh6 39. Rh2 Qg5+ 40. Rg2 Qe3 41.
Qxe3 Bxe3+ 42. Kf1 Nf4 43. Rh2 Nd3 44. Be2 Bg5 45. Bf3 Re1+ 46. Kg2 Nf4+ 47.
Kg3 Rg1+ 48. Kf2 Rc1 49. Kg3 Re8 50. Rf2 Ree1 51. Bg2 Rg1 52. Kf3 Rxg2 53. Rxg2
Nxg2 54. Kxg2 Rd1 55. Kf2 Rd3 56. Ke2 Nc6 57. Kf1 Rg3 58. Ke1 h5 59. Kd1 h4 60.
Kc2 h3 61. b4 cxb3+ 62. Kxb3 h2 63. d5 Ne5 64. a4 h1=Q 65. axb5 axb5 66. Kb4
Qb1+ 67. Ka3 Rxc3# 0-1

[Event "DEM U10 2011"]
[Site "Oberhof GER"]
[Date "2011.06.16"]
[Round "8"]
[White "Volkov, Michael"]
[Black "von Pogrell, Anna"]
[Result "1/2-1/2"]
[Termination "normal"]
[Board "41"]
[WhiteElo "1056"]
[BlackElo "719"]
[PlyCount "108"]
[EventCountry "GER"]
[EventRounds "11"]
[EventType "swiss"]
[EventDate "2011.06.11"]

1. e4 e5 2. Nf3 Nc6 3. Bc4 Nf6 4. Nc3 Bc5 5. d3 d6 6. Bg5 Bg4 7. h3 Be6 8. O-O
O-O 9. Nd5 Bxd5 10. Bxd5 Rb8 11. Qd2 Bb4 12. c3 Bc5 13. b4 Bb6 14. a4 a6 15. b5
axb5 16. axb5 Ne7 17. Bxf6 gxf6 18. Nh4 Ng6 19. Nxg6 hxg6 20. Kh1 Kg7 21. f4
Rh8 22. f5 g5 23. Qe2 Qd7 24. Bc4 c6 25. bxc6 bxc6 26. Qe1 d5 27. exd5 cxd5 28.
Bb3 d4 29. c4 Bc7 30. Bd1 Rh4 31. Bg4 Rb3 32. Rf3 Rb2 33. Rf2 Rb3 34. Rd2 Qd6
35. Qg3 Qb6 36. Qe1 Qd6 37. Qg3 Qb6 38. Qf2 Qc6 39. Qf3 Qc5 40. Qf2 Qd6 41. g3
Rh8 42. Kh2 Rhb8 43. Bd1 Rb1 44. Rxb1 Rxb1 45. Bg4 Qc6 46. Qf3 Qc5 47. Bh5 Qb4
48. Rf2 Ba5 49. Qe2 Re1 50. Qf3 Re3 51. Qg2 Qc3 52. Qf1 Re1 53. Qg2 Qxd3 54.
Bf3 Qxc4 1/2-1/2

[Event "DEM U10 2011"]
[Site "Oberhof GER"]
[Date "2011.06.16"]
[Round "8"]
[White "Herbert, Fabian"]
[Black "Bureik, Nicolas"]
[Result "1/2-1/2"]
[Termination "normal"]
[Board "42"]
[WhiteElo "949"]
[BlackElo "861"]
[PlyCount "38"]
[WhiteFideId "12940402"]
[BlackFideId "12971863"]
[EventCountry "GER"]
[EventRounds "11"]
[EventType "swiss"]
[EventDate "2011.06.11"]

1. e4 d5 2. exd5 Qxd5 3. Nc3 Qd6 4. d4 Nf6 5. Nf3 a6 6. g3 b5 7. Bf4 Qd8 8. Bg2
Bb7 9. Qd2 e6 10. O-O-O Bb4 11. Rhg1 O-O 12. Qd3 Bd6 13. Ng5 Bxf4+ 14. gxf4
Bxg2 15. Rxg2 h6 16. Nge4 b4 17. Ne2 c6 18. h3 Nbd7 19. Qg3 Nh5 1/2-1/2

[Event "DEM U10 2011"]
[Site "Oberhof GER"]
[Date "2011.06.16"]
[Round "8"]
[White "Pantsernaya, Sofya"]
[Black "Wastian, Mareike"]
[Result "1/2-1/2"]
[Termination "normal"]
[Board "43"]
[WhiteElo "769"]
[BlackElo "932"]
[PlyCount "76"]
[WhiteFideId "12993182"]
[BlackFideId "12947423"]
[EventCountry "GER"]
[EventRounds "11"]
[EventType "swiss"]
[EventDate "2011.06.11"]

1. e4 c6 2. d4 d5 3. e5 Bf5 4. h4 h5 5. Nf3 e6 6. Be3 Qb6 7. Be2 Nd7 8. Ng5 g6
9. Nc3 c5 10. Rb1 O-O-O 11. a3 Kb8 12. b4 Qc6 13. bxc5 Rc8 14. g4 hxg4 15. Bxg4
Bxg4 16. Qxg4 Nh6 17. Qe2 Nf5 18. Rb5 Rxh4 19. Rxh4 Nxh4 20. Rb4 Nf5 21. Qb5
Qxb5 22. Rxb5 Bh6 23. Ra5 Nxe3 24. fxe3 Bxg5 25. Nb5 a6 26. Nd6 Rf8 27. Kd2 f5
28. exf6 Rxf6 29. Kd3 Bh6 30. Kc3 Bxe3 31. Kb4 Bxd4 32. c4 dxc4 33. Kxc4 Nxc5
34. Kxd4 Nb3+ 35. Ke5 Rf1 36. Ra4 Nc5 37. Rc4 b6 38. Kd4 38... Kc7 {laut beiden
Partieformularen folgte nun 39.Sb4 a5 40.Sa6+ Kd6 41.Sxc5 bxc5+ 42.Txc5 Tf5 43.
Tc2 Td5+ 44.Ke4 Tc5 45.Td2+ Td5 46.Th2 Te5+ 47.Kf4 Tf5+ 48.Kg4 e5 49.Th6 Tf6
50.Th1 Kd5 51.Td1+ Ke6 52.Tb1 Kd5 53.Tb5+ Ke6 54.Txa5 e4 55.Ta6+ Ke5 56.Txf6
Kxf6 57.Kf4 g5+ 58.Kxe4 Ke6 59.a4 Kd6 60.a5 Kc6 61.Kf5 Kb5 62.Kxg5 Kxa5}
1/2-1/2

[Event "DEM U10 2011"]
[Site "Oberhof GER"]
[Date "2011.06.16"]
[Round "8"]
[White "Weiten, Teresa"]
[Black "Reuker, Ronja"]
[Result "0-1"]
[Termination "normal"]
[Board "46"]
[WhiteElo "766"]
[BlackElo "730"]
[PlyCount "44"]
[WhiteFideId "12971944"]
[BlackFideId "12947172"]
[EventCountry "GER"]
[EventRounds "11"]
[EventType "swiss"]
[EventDate "2011.06.11"]

1. e4 e5 2. Nf3 Nc6 3. Nc3 Nf6 4. Bb5 Bb4 5. d3 d6 6. Bg5 O-O 7. O-O Qe8 8.
Bxf6 gxf6 9. Nd5 Qe6 10. Nxc7 Qe7 11. Nxa8 Bg4 12. Bxc6 bxc6 13. Qe2 Qe6 14. h3
Bxh3 15. Nh4 Bxg2 16. Nxg2 Qh3 17. Nc7 Kh8 18. f3 Rg8 19. c3 Bc5+ 20. d4 exd4
21. Rfd1 dxc3+ 22. Kf1 Qh1# 0-1